| 000 | 00403nam a2200145 a 4500 | ||
|---|---|---|---|
| 001 | 4403 | ||
| 003 | CDMR | ||
| 005 | 20151016134202.0 | ||
| 008 | 130130s2009||||||||||||||||||||||||||||d | ||
| 040 |
_aCDMR _bcat _cCPC LLEIDA |
||
| 110 |
_9828 _aConsell de l'Audiovisual de Catalunya |
||
| 245 | 3 |
_aEl tractament del món rural als mitjans audiovisuals _cCAC |
|
| 260 |
_aBarcelona _c2009 _bCAC |
||
| 942 |
_cMON _2ddc |
||
| 999 |
_c4403 _d4403 |
||